| 000 | 00598cam a22002411 4500 | ||
|---|---|---|---|
| 001 | sa 68012604 | ||
| 003 | DLC | ||
| 005 | 20260227112612.0 | ||
| 008 | 940926s1966 ii 000 0 kano | ||
| 010 | _asa 68012604 | ||
| 025 | _aPL480:I-Kan-1299 | ||
| 035 | _a(OCoLC)31178193 | ||
| 040 |
_aDLC _cCU _dCU _dDLC |
||
| 042 | _apremarc | ||
| 050 | 0 | 0 |
_aPK3791.B3 _bK33 |
| 100 | 0 | _aBhāsa. | |
| 245 | 1 | 0 | _aRāmāyaṇa nāṭaka trivēṇi. |
| 260 | _c[1966] | ||
| 300 |
_axvi, 137 p. _c19 cm. |
||
| 500 | _aIn Kannada. | ||
| 504 | _aBibliographical footnotes. | ||
| 700 | 1 | _aBasavarāju, El. | |
| 999 |
_c84611 _d84611 |
||